Представление документа в формате MARC21

Поле Инд. ПП Название Значение
Тип записи a
Библиографический уровень b
001 Контрольный номер RU/IS/BASE/261494336
005 Дата корректировки 20200629145958.9
008 Кодируемые данные 20080414
040 b Код языка каталог. rus
e Правила каталог. PSBO
041 0_ a Код языка текста rus
084 a Индекс другой классификации/Индекс ББК 67.401.121(2Рос); 74.484(2Рос)к11
245 10 a Заглавие Федеральный закон "О внесении изменений в отдельные законодательные акты Российской Федерации (в части установления уровней высшего профессионального образования)" : принят Государственной Думой 11 октября 2007 года
650 04 a Основная рубрика административное право
a Основная рубрика высшее образование
a Основная рубрика образование
a Основная рубрика право
a Основная рубрика профессиональное образование
653 1_ a Ключевые слова бакалавриат
a Ключевые слова законы
a Ключевые слова магистратура
a Ключевые слова образовательные уровни
a Ключевые слова Россия
a Ключевые слова уровни образования
773 08 t Заглавие источника Высшее образование сегодня
d Дата издания источника 2007
g Прочая информация № 11. - С. 90 - 93
w Контрольный № источника RU/IS/BASE/255444709
901 t Тип документа b